[Event "RUS-ch Men Blitz 2019"]
[Site "Sochi"]
[Date "2019.10.17"]
[Round "15.23"]
[White "Frolov, Aleksey G."]
[Black "Tekeyev, Zaur"]
[Result "1/2-1/2"]
[WhiteElo "2093"]
[BlackElo "2384"]
[Annotator "NA"]
[PlyCount "130"]
[EventDate "2019.10.17"]
[EventType "swiss"]
[EventCountry "RUS"]
[SourceTitle "playchess.com"]
[Source "ChessBase"]
[SourceQuality "1"]

1. e4 c5 2. Nf3 Nc6 3. d4 cxd4 4. Nxd4 e5 5. Nb5 d6 6. a4 Nf6 7. N1c3 a6 8. Na3 Bg4 9. f3 Be6 10. Bg5 Be7 11. Nc4 Nd4 12. a5 O-O 13. Nb6 Rb8 14. Bd3 Nd7 15. Bxe7 Qxe7 16. Nbd5 Qh4+ 17. g3 Qh3 18. Bf1 Qh6 19. Bg2 Nf6 20. Nxf6+ Qxf6 21. O-O Rfc8 22. f4 b5 23. axb6 Rxb6 24. Ra5 Qh6 25. fxe5 dxe5 26. Rxe5 Qe3+ 27. Kh1 Rxb2 28. Nd5 Bxd5 29. Rxd5 Ne6 30. c4 g6 31. Rd7 Ng5 32. Rd8+ Kg7 33. Rxc8 Nxe4 34. Qf3 Nf2+ 35. Rxf2 Qxf2 36. Qxf2 Rxf2 37. c5 Rc2 38. h3 a5 39. Ra8 Rxc5 40. Kh2 h5 41. Ra7 Kf6 42. Ra6+ Kg7 43. Bf1 Rc2+ 44. Kg1 Rc5 45. h4 Kh7 46. Be2 Kg7 47. Kf2 Re5 48. Bc4 Rc5 49. Bd3 Rd5 50. Ke3 Re5+ 51. Be4 Rb5 52. Kf4 Rc5 53. Ra7 Rb5 54. Bd3 Rd5 55. Rxf7+ Kxf7 56. Bc4 Ke6 57. Ke4 Kf6 58. Bxd5 g5 59. hxg5+ Kxg5 60. Kf3 a4 61. Be6 a3 62. Bd5 h4 63. g4 h3 64. Kg3 h2 65. Kxh2 Kxg4 1/2-1/2

[Event "RUS-ch Men Blitz 2019"]
[Site "Sochi"]
[Date "2019.10.17"]
[Round "15.24"]
[White "Remizov, Yaroslav"]
[Black "Papenin, Nikolai"]
[Result "0-1"]
[WhiteElo "2394"]
[BlackElo "2295"]
[Annotator "NA"]
[PlyCount "104"]
[EventDate "2019.10.17"]
[EventType "swiss"]
[EventCountry "RUS"]
[SourceTitle "playchess.com"]
[Source "ChessBase"]
[SourceQuality "1"]

1. e4 c5 2. Nf3 d6 3. d4 cxd4 4. Qxd4 a6 5. c4 Nc6 6. Qd3 g6 7. Nc3 Bg7 8. Be2 Nf6 9. O-O O-O 10. h3 Be6 11. Be3 Rc8 12. Rac1 Nb4 13. Qd1 Bxc4 14. Bxc4 Rxc4 15. Qb3 b5 16. Nd2 Nd3 17. Nxc4 Nxc1 18. Rxc1 bxc4 19. Qxc4 Qa8 20. Qa4 Rc8 21. f3 e6 22. Rd1 Qb7 23. Qb3 Qxb3 24. axb3 Rc6 25. Kf2 h6 26. Ke2 Nd7 27. Bd4 Bxd4 28. Rxd4 Nc5 29. Rc4 Nxb3 30. Rxc6 Nd4+ 31. Kd3 Nxc6 32. Kc4 g5 33. Na2 Kg7 34. Nb4 Nxb4 35. Kxb4 Kf6 36. Ka5 d5 37. exd5 exd5 38. Kb4 Ke5 39. Kc5 h5 40. g3 h4 41. gxh4 gxh4 42. b3 a5 43. Kb5 d4 44. Kc4 f6 45. Kd3 Kf4 46. Kxd4 Kxf3 47. Kc5 Ke4 48. Kb5 f5 49. Kxa5 f4 50. b4 f3 51. b5 f2 52. b6 f1=Q 0-1

[Event "RUS-ch Men Blitz 2019"]
[Site "Sochi"]
[Date "2019.10.17"]
[Round "15.25"]
[White "Smagin, Sergey"]
[Black "Shcherbin, Matvei"]
[Result "1-0"]
[WhiteElo "2551"]
[BlackElo "2366"]
[Annotator "ChessBase"]
[PlyCount "71"]
[EventDate "2019.10.17"]
[EventType "swiss"]
[EventCountry "RUS"]
[SourceTitle "playchess.com"]
[Source "ChessBase"]
[SourceQuality "1"]

1. e4 c5 2. c3 d5 3. exd5 Qxd5 4. d4 Nf6 5. Nf3 Bg4 6. Be2 e6 7. h3 Bh5 8. Be3 cxd4 9. cxd4 Nc6 10. Nc3 Qd6 11. Qb3 Be7 12. Ne5 Nxd4 13. Bxd4 Qxd4 14. Qb5+ Nd7 15. Qxb7 Rd8 16. Nc6 Qd6 17. Bxh5 g6 18. Be2 Bg5 19. Rd1 Nc5 20. Qb5 Bd2+ 21. Kf1 Rd7 22. Nb8 O-O 23. Nxd7 Rd8 24. Qxc5 Qxd7 25. Ne4 Qa4 26. Rxd2 Rb8 27. b3 Qxe4 28. Qd4 Qb1+ 29. Rd1 Qxa2 30. Bc4 Qc2 31. Qd3 Qb2 32. g3 a5 33. Kg2 a4 34. bxa4 Qe5 35. Rhe1 Qa5 36. Bb5 1-0

[Event "RUS-ch Men Blitz 2019"]
[Site "Sochi"]
[Date "2019.10.17"]
[Round "15.26"]
[White "Ovod, Evgenija"]
[Black "Iljin, Artem"]
[Result "1/2-1/2"]
[WhiteElo "2347"]
[BlackElo "2509"]
[Annotator "ChessBase"]
[PlyCount "64"]
[EventDate "2019.10.17"]
[EventType "swiss"]
[EventCountry "RUS"]
[SourceTitle "playchess.com"]
[Source "ChessBase"]
[SourceQuality "1"]

1. e4 c5 2. c3 Nf6 3. e5 Nd5 4. Nf3 e6 5. Bc4 Nb6 6. Bb3 d6 7. d4 cxd4 8. cxd4 dxe5 9. Nxe5 Nc6 10. Nxc6 bxc6 11. O-O Be7 12. Bf4 O-O 13. Nc3 Ba6 14. Re1 Bc4 15. Bc2 Nd5 16. Be5 Nf6 17. Rc1 Qa5 18. Bb1 Rfd8 19. Qc2 h6 20. Bxf6 Bxf6 21. Ne4 Bxa2 22. Nxf6+ gxf6 23. Qh7+ Kf8 24. Qxh6+ Ke7 25. Bxa2 Qxa2 26. Rxc6 Rd7 27. Rexe6+ fxe6 28. Qg7+ Ke8 29. Qg8+ Ke7 30. Qg7+ Ke8 31. Qg8+ Ke7 32. Qg7+ Ke8 1/2-1/2

[Event "RUS-ch Men Blitz 2019"]
[Site "Sochi"]
[Date "2019.10.17"]
[Round "15.27"]
[White "Rozum, Ivan"]
[Black "Linker, Mikhail"]
[Result "1-0"]
[WhiteElo "2599"]
[BlackElo "2269"]
[Annotator "ChessBase"]
[PlyCount "67"]
[EventDate "2019.10.17"]
[EventType "swiss"]
[EventCountry "RUS"]
[SourceTitle "playchess.com"]
[Source "ChessBase"]
[SourceQuality "1"]

1. e3 Nf6 2. Nc3 g6 3. b3 Bg7 4. Bb2 O-O 5. d4 d5 6. Qd2 c5 7. f3 cxd4 8. exd4 Nc6 9. Nge2 e5 10. dxe5 Nxe5 11. O-O-O Bf5 12. Nd4 Bd7 13. g4 Qa5 14. Kb1 Rac8 15. h3 Rfd8 16. Bg2 Nc6 17. Nce2 Qa6 18. h4 Nxd4 19. Bxd4 Rc6 20. h5 Rdc8 21. Rc1 Qa3 22. Bb2 Qc5 23. Nd4 R6c7 24. hxg6 hxg6 25. Rh2 a5 26. Rch1 a4 27. Bf1 axb3 28. axb3 b5 29. Bd3 b4 30. Ne2 Ra8 31. Rh8+ Bxh8 32. Rxh8+ Kxh8 33. Qh6+ Kg8 34. Bxf6 1-0

[Event "RUS-ch Men Blitz 2019"]
[Site "Sochi"]
[Date "2019.10.17"]
[Round "15.28"]
[White "Gabitov, Ruslan"]
[Black "Potapov, Pavel"]
[Result "0-1"]
[WhiteElo "2172"]
[BlackElo "2489"]
[Annotator "ChessBase"]
[PlyCount "124"]
[EventDate "2019.10.17"]
[EventType "swiss"]
[EventCountry "RUS"]
[SourceTitle "playchess.com"]
[Source "ChessBase"]
[SourceQuality "1"]

1. e4 c5 2. Nf3 Nc6 3. Bb5 g6 4. O-O Bg7 5. Re1 Nf6 6. e5 Nd5 7. b3 O-O 8. Bb2 Nc7 9. Bxc6 dxc6 10. h3 Ne6 11. d3 b6 12. Nbd2 Nd4 13. Ne4 Bf5 14. Ng3 Be6 15. Nxd4 cxd4 16. f4 c5 17. a4 Qd7 18. Ne4 f6 19. exf6 exf6 20. a5 Bd5 21. Qd2 f5 22. Ng3 b5 23. Re2 b4 24. Qe1 Rae8 25. Qf2 Rxe2 26. Qxe2 Re8 27. Qf2 Bf6 28. Nf1 Qe7 29. Bc1 Qe1 30. Bb2 Qe2 31. Bc1 Qe1 32. Bb2 Qe7 33. Bc1 Bh4 34. g3 Bf6 35. Bd2 Qd8 36. Re1 Rxe1 37. Qxe1 Kf7 38. Kh2 Qxa5 39. g4 fxg4 40. hxg4 Qc7 41. Ng3 Qe7 42. Qf2 Bh4 43. Kg1 Bc6 44. f5 g5 45. Qh2 a5 46. Nf1 Qd7 47. Be1 Bxe1 48. Qxh7+ Ke8 49. Qg8+ Ke7 50. Qxg5+ Kf8 51. Qf6+ Ke8 52. Qh8+ Kf7 53. Qh7+ Kf6 54. Qh8+ Kg5 55. Qh5+ Kf6 56. Qh8+ Qg7 57. g5+ Kf7 58. g6+ Kf6 59. Qd8+ Kxf5 60. Kh2 Qh6+ 61. Kg1 Qxg6+ 62. Kh2 Qg2# 0-1

[Event "RUS-ch Men Blitz 2019"]
[Site "Sochi"]
[Date "2019.10.17"]
[Round "15.29"]
[White "Bryakin, Mikhail"]
[Black "Nazaretyan, Tigran"]
[Result "1-0"]
[WhiteElo "2440"]
[BlackElo "2297"]
[Annotator "NA"]
[PlyCount "107"]
[EventDate "2019.10.17"]
[EventType "swiss"]
[EventCountry "RUS"]
[SourceTitle "playchess.com"]
[Source "ChessBase"]
[SourceQuality "1"]

1. d4 Nf6 2. c4 d6 3. Nf3 g6 4. Nc3 Bg7 5. e4 O-O 6. h3 c5 7. d5 b5 8. cxb5 a6 9. a4 Nbd7 10. Bd2 Bb7 11. Bd3 Qc7 12. O-O c4 13. Bc2 Nc5 14. Bf4 axb5 15. Nxb5 Qb6 16. Re1 Ba6 17. Nfd4 Nb3 18. Bxb3 cxb3 19. Qxb3 Nd7 20. Be3 Nc5 21. Qc2 Bxd4 22. Bxd4 Bxb5 23. axb5 Qxb5 24. Bxc5 dxc5 25. Rxa8 Rxa8 26. Rc1 Ra5 27. g3 f6 28. Kg2 Kf7 29. Qc4 Qxc4 30. Rxc4 Rb5 31. b3 Ke8 32. f4 Kd7 33. e5 fxe5 34. fxe5 e6 35. d6 Kc6 36. Rc3 Rb4 37. Kf3 Rd4 38. Ke3 Rd5 39. Kf4 h6 40. Rc4 Rd3 41. b4 Kb5 42. Rxc5+ Kxb4 43. Rc7 Rd4+ 44. Ke3 Rd5 45. Ke4 h5 46. Re7 Kc3 47. Rxe6 Rd4+ 48. Ke3 g5 49. Re7 Rd3+ 50. Ke4 Rxg3 51. Rc7+ Kd2 52. Rc4 Rxh3 53. d7 Re3+ 54. Kd5 1-0

[Event "RUS-ch Men Blitz 2019"]
[Site "Sochi"]
[Date "2019.10.17"]
[Round "15.30"]
[White "Kozak, Alexander"]
[Black "Oganian, Miran"]
[Result "0-1"]
[WhiteElo "2230"]
[BlackElo "2436"]
[Annotator "NA"]
[PlyCount "127"]
[EventDate "2019.10.17"]
[EventType "swiss"]
[EventCountry "RUS"]
[SourceTitle "playchess.com"]
[Source "ChessBase"]
[SourceQuality "1"]

1. e4 g6 2. d4 Bg7 3. c3 c5 4. dxc5 Na6 5. Be3 Qc7 6. Bxa6 bxa6 7. Ne2 Nf6 8. f3 O-O 9. O-O a5 10. a4 Rd8 11. Na3 Ba6 12. Nb5 Qb7 13. c4 Ne8 14. Qd2 d6 15. Rfd1 Qc6 16. Qxa5 Bxb2 17. Ned4 Qc8 18. Rab1 dxc5 19. Rxb2 Bxb5 20. cxb5 cxd4 21. Rxd4 Rxd4 22. Bxd4 Qc1+ 23. Kf2 Nd6 24. Qc3 Qf4 25. Qe3 Qxh2 26. Rc2 Qh4+ 27. Kg1 Qg3 28. Qf2 Qg5 29. Bxa7 h5 30. Be3 Qe5 31. Ra2 Qc3 32. Qd2 Qc4 33. b6 Rxa4 34. Rxa4 Qxa4 35. Qb2 Nc4 36. Qb1 Nd6 37. b7 Nxb7 38. Qxb7 Qa1+ 39. Kf2 Qe5 40. Qd5 Qh2 41. Qd8+ Kh7 42. Bd4 e5 43. Be3 h4 44. Qg5 Kg8 45. Qf6 Qg3+ 46. Kf1 h3 47. gxh3 Qxh3+ 48. Ke2 Qg2+ 49. Bf2 Qh2 50. Qe7 Kg7 51. Qg5 Kg8 52. Qg3 Qh5 53. Bc5 f6 54. Be3 Kf7 55. Qg4 Qh2+ 56. Kd3 Qb2 57. Qd7+ Kg8 58. Qe6+ Kg7 59. Qe7+ Kg8 60. Qxf6 Qb5+ 61. Kd2 Qb2+ 62. Ke1 Qc3+ 63. Kf2 Qc2+ 64. Kg3 0-1

[Event "RUS-ch Men Blitz 2019"]
[Site "Sochi"]
[Date "2019.10.17"]
[Round "15.31"]
[White "Dianov, Alexey"]
[Black "Eraschenkov, Denis"]
[Result "0-1"]
[WhiteElo "2158"]
[BlackElo "2382"]
[Annotator "NA"]
[PlyCount "108"]
[EventDate "2019.10.17"]
[EventType "swiss"]
[EventCountry "RUS"]
[SourceTitle "playchess.com"]
[Source "ChessBase"]
[SourceQuality "1"]

1. e4 e5 2. Nf3 Nc6 3. Nc3 Nf6 4. d4 exd4 5. Nxd4 Bb4 6. Nxc6 bxc6 7. Bd3 d5 8. exd5 cxd5 9. O-O O-O 10. Bg5 c6 11. Na4 h6 12. Bh4 Bd6 13. Re1 Rb8 14. c3 g5 15. Bg3 Bxg3 16. hxg3 Qd6 17. Bc2 c5 18. b3 Kg7 19. Qd2 Bb7 20. Rad1 Rbd8 21. Qe3 Rc8 22. Qe7 Qc7 23. Nxc5 Qxc5 24. Qxb7 Rc7 25. Qa6 Qxc3 26. Bb1 Rd8 27. Qd3 Qc5 28. Qd4 Qxd4 29. Rxd4 a5 30. Red1 Rb8 31. Re1 Rbc8 32. Bf5 Rb8 33. Red1 Rb4 34. Rxb4 axb4 35. Rd4 Rc1+ 36. Kh2 Ra1 37. Rxb4 Rxa2 38. f3 Rd2 39. Rb7 Kf8 40. Rb8+ Ke7 41. b4 d4 42. b5 Nd5 43. Be4 Ne3 44. f4 Ng4+ 45. Kh3 Nf2+ 46. Kh2 Nxe4 47. Rh8 Rb2 48. Rxh6 Rxb5 49. fxg5 Rxg5 50. Rh4 f5 51. Rh7+ Ke6 52. Rh8 d3 53. Rd8 d2 54. Rd3 Rxg3 0-1